00407 2200157 4500001002100000005001500021035002000036245007700056100002500133300001100158260002400169082000800193084001400201020002200215990001200237INLIS00000000000182420250507073620 a0010-05250001161 aHijab Praktis Bergo Dengan Celana Panjang /cRR. M. Widjayanti Hadipoero0 aWidjayanti Hadipoero a84 hlm aJakarta :bGramedia a600 a600 WID h a978-602-03-1174-6 a0754732